书目信息 |
| 题名: |
工艺管线
|
|
| 作者: | 王怀义 编著 | |
| 分册: | ||
| 出版信息: | 北京 中国石化出版社 2002.06 |
|
| 页数: | 607页 | |
| 开本: | 26cm | |
| 丛书名: | 石油化工厂设备检修手册 | |
| 单 册: | ||
| 中图分类: | TE682 | |
| 科图分类: | ||
| 主题词: | 石油化工--化工设备--检修--手册 | |
| 电子资源: | ||
| ISBN: | 7-80164-166-3 | |
| 000 | 00896nam0 2200265 450 | |
| 001 | 0104000022 | |
| 005 | 20090403094124.22 | |
| 010 | @a7-80164-166-3@dCNY60.00 | |
| 100 | @a20081127d2002 ekmy0chiy0120 ea | |
| 101 | 0 | @achi |
| 102 | @aCN@b110000 | |
| 105 | @ay z 000yy | |
| 106 | @ar | |
| 200 | 1 | @a工艺管线@Agong yi guan xian@f王怀义等编著@FWang Huai Yi Deng Bian Zhu |
| 210 | @a北京@c中国石化出版社@d2002.06 | |
| 215 | @a607页@d26cm | |
| 225 | 2 | @a石油化工厂设备检修手册 |
| 330 | @a本书主要内容包括:管道工程的基础;管道设计的要点;管道图的绘制;管道器材的标准系列和选用;管道的静密封;管道的隔热和伴热;管道支吊架;管道的应力分析等。 | |
| 410 | 0 | @12001 @a石油化工厂设备检修手册 |
| 606 | 0 | @a石油化工@x化工设备@x检修@j手册 |
| 690 | @aTE682@v4 | |
| 701 | 0 | @a王怀义@AWang Huai Yi@4编著 |
| 801 | 0 | @aCN@bHTDF@c20090403 |
| 905 | @aBZT@dTE682@e1@f10 | |
| 906 | @dCNY60.00@n0@r1 | |
| 工艺管线/王怀义等编著.-北京:中国石化出版社,2002.06 |
| 607页;26cm.-(石油化工厂设备检修手册) |
| ISBN 7-80164-166-3:CNY60.00 |
| 本书主要内容包括:管道工程的基础;管道设计的要点;管道图的绘制;管道器材的标准系列和选用;管道的静密封;管道的隔热和伴热;管道支吊架;管道的应力分析等。 |
| ● |
| 相关链接 |
|
|
|
正题名:工艺管线
索取号:TE682/1
 
预约/预借
| 序号 | 登录号 | 条形码 | 馆藏地/架位号 | 状态 | 备注 |
| 1 | 711772 | 2000711772 | 中心书库中库/ 中库030架B面5列5层1/ [索取号:TE682/1] | 在馆 | |
| 2 | 711773 | 2000711773 | 中心书库中库/ 中库030架B面5列5层8/ [索取号:TE682/1] | 在馆 | |
| 3 | 711774 | 2000711774 | 中心书库中库/ 中库030架B面5列5层4/ [索取号:TE682/1] | 在馆 | |
| 4 | 711775 | 2000711775 | 中心书库中库/ 中库030架B面5列5层5/ [索取号:TE682/1] | 在馆 | |
| 5 | 711776 | 2000711776 | 中心书库中库/ 中库030架B面5列5层6/ [索取号:TE682/1] | 在馆 | |
| 6 | 711777 | 2000711777 | 中心书库中库/ 中库030架B面5列5层2/ [索取号:TE682/1] | 在馆 | |
| 7 | 711778 | 2000711778 | 中心书库中库/ 中库030架B面5列5层10/ [索取号:TE682/1] | 在馆 | |
| 8 | 711779 | 2000711779 | 中心书库中库/ 中库030架B面5列5层9/ [索取号:TE682/1] | 在馆 | |
| 9 | 711780 | 2000711780 | 中心书库中库/ 中库030架B面5列5层7/ [索取号:TE682/1] | 在馆 | |
| 10 | 711781 | 2000711781 | 中心书库中库/ 中库030架B面5列5层3/ [索取号:TE682/1] | 在馆 |